Object-oriented software engineering / (Record no. 3594)

MARC details
000 -LEADER
fixed length control field 00686cam a22002172 4500
001 - CONTROL NUMBER
control field 0000012710
005 - DATE AND TIME OF LATEST TRANSACTION
control field 20151217145857.0
008 - FIXED-LENGTH DATA ELEMENTS--GENERAL INFORMATION
fixed length control field 090315s xx 000 0 eng d
020 ## - INTERNATIONAL STANDARD BOOK NUMBER
International Standard Book Number 0071259415 :
040 ## - CATALOGING SOURCE
Original cataloging agency KABU
Transcribing agency KABU
100 1# - MAIN ENTRY--PERSONAL NAME
Personal name Schach, Stephen R.
-- 0000154554
245 10 - TITLE STATEMENT
Title Object-oriented software engineering /
Statement of responsibility, etc. Stephen R. Schach.
250 ## - EDITION STATEMENT
Edition statement International ed.
260 ## - PUBLICATION, DISTRIBUTION, ETC. (IMPRINT)
Place of publication, distribution, etc. Boston :
Name of publisher, distributor, etc. McGraw-Hill,
Date of publication, distribution, etc. 2008.
300 ## - PHYSICAL DESCRIPTION
Extent xvii, 558 p.
650 #0 - SUBJECT ADDED ENTRY--TOPICAL TERM
Topical term or geographic name as entry element Software engineering.
-- 0000154550
650 #0 - SUBJECT ADDED ENTRY--TOPICAL TERM
Topical term or geographic name as entry element Object oriented programming (Computer science)
-- 0000148166
852 1# - LOCATION
-- p2050 KES
908 ## - PUT COMMAND PARAMETER (RLIN)
Put command parameter 090315
950 ## - LOCAL HOLDINGS (RLIN)
-- 1
Holdings
Withdrawn status Lost status Source of classification or shelving scheme Not for loan Home library Current library Date acquired Total Checkouts Full call number Barcode Date last seen Date last checked out Price effective from Koha item type
    Library of Congress Classification   Kabarak, Main Campus Kabarak, Main Campus 17/12/2015 2 QA76.758 .S33 2008 c. 1 17137 11/10/2016 27/09/2016 17/12/2015 General Collection
Designed with assistance from East African Informatics Ltd